02728cam a2200385 i 45000010009000000050017000090080041000260100017000670200030000840200026001140400028001400420008001680500020001761000021001962450046002172500024002632640039002873000023003263360021003493370025003703380023003955201342004186500031017606500036017916500026018276500060018536500034019136550028019476550029019758560106020049060045021109420015021559990013021709520159021831833790320230901105259.0141017s2015 nyu 000 1 eng  a 2014034048 a9781250041210 (hardcover) z9781250041227 (ebook) aDLCbengcKMUdKMUerda apcc00aPR 6113.B48 L541 aMcBeth, Colette.14aThe life I left behind /cColette McBeth. aFirst U.S. edition. 1aNew York :bMinotaur Books,c2015. a343 pages ;c25 cm atext2rdacontent aunmediated2rdamedia avolume2rdacarrier a"Six years ago, Melody Pieterson was attacked and left for dead. Only a chance encounter with a dog walker saved her life. Melody's neighbor and close friend David Alden was found guilty of the crime and imprisoned, and the attack and David's betrayal of her friendship left Melody a different person. She no longer trusts her own judgment, she no longer trusts her friends. In fact, she no longer really has any friends. She's built a life behind walls and gates and security codes; she's cloistered herself away from the world almost entirely. And then, soon after David is released from prison, Eve Elliot is murdered in an attack almost identical to Melody's. With the start of a new police investigation, Melody is suddenly pulled from her ordered, secluded life and back into the messy world around her. But as she learns more about Eve's murder, Melody starts to wonder if perhaps David hadn't betrayed her after all...if perhaps the killer is someone else entirely, someone who's still out there, preparing to strike again. Narrated alternately by Melody and by Eve's lingering ghost, The Life I Left Behind is a taut thriller and an intimate look at two young women bound together in ways neither of them could ever have predicted. Colette McBeth has proven once again that she is a master of suspense"--cProvided by publisher. 0aWomen detectivesvFiction. 0aMurderxInvestigationvFiction. 0aFuture lifevFiction. 7aFICTION / Mystery & Detective / Women Sleuths.2bisacsh 7aFICTION / Thrillers.2bisacsh 7aMystery fiction.2gsafd 7aSuspense fiction.2gsafd423Cover imageuhttp://www.netread.com/jcusers2/bk1388/210/9781250041210/image/lgcover.9781250041210.jpg a7bcbccorignewd1eecipf20gy-gencatlg 2lcccFMn0 c604d604 00102lcc40708FICaCPLbCPLcOAd2023-09-01eBook International Aidl4m3oPR 6113.B48 L54 Mcbp746579r2026-05-11 00:00:00s2026-03-24w2023-09-01yFM